| 000 | 01102cab a2200217 4500 | ||
|---|---|---|---|
| 001 | ABS67493 | ||
| 008 | 040304n2004 000 0 eng u | ||
| 035 | _a(Sirsi) u125321 | ||
| 100 | _aAmbrose, J. | ||
| 245 | _aI'll certify that | ||
| 260 | _c2004 | ||
| 490 |
_aRICS Building Surveying Faculty: The Journal _v (9) January/February 2004, 16-17(2) |
||
| 520 | _aReports on the up-to-date situation regarding self-build certificates. Points out that the existing building certificate is out-of-date but still useful. A new version is being prepared by the RICS Building Certificate of Domestic Structures Working Party, for production in summer 2004. The certificate can be used to assure mortgage lenders that a new or recently built property is of a satisfactory structural standard. The working party aims to get the new certificate approved by the Council of Mortgage Lenders. | ||
| 590 | _aABS | ||
| 650 | _aCERTIFICATES | ||
| 650 | _aSELF BUILD | ||
| 650 | _aMORTGAGE LENDERS | ||
| 650 | _aCOUNCIL OF MORTGAGE LENDERS | ||
| 690 | _aBUILT ENVIRONMENT-BUILDING INSPECTION | ||
| 942 | _n0 | ||
| 999 |
_c74228 _d74228 |
||